Weinanbaugebiete Deutschlands - Statistiken

Allgemein
  • Dieses Quiz wurde 234 mal gespielt
  • Das Durchschnittsergebnis liegt bei 8 aus 13
Antwortstatistiken
Rang
Rebfläche
in ha
Weinanbaugebiet % Korrekt
5. 8.594 Mosel
91%
1. 26.685 Rheinhessen
81%
3. 15.429 Baden
76%
2. 22.885 Pfalz
76%
6. 6.040 Franken
71%
4. 11.140 Württemberg
65%
8. 3.076 Rheingau
55%
10. 545 Ahr
53%
9. 775 Saale-Unstrut
51%
11. 456 Sachsen
51%
7. 4.063 Nahe
44%
12. 450 Mittelrhein
35%
13. 431 Hessische Bergstraße
31%
Keine übereinstimmenden Quizze gefunden
Verteilung der Resultate
Anzahl Personen mit jedem Resultat
Perzentil nach korrekt beantworteten Fragen
Ihre Resultats-Entwicklung
Sie haben dieses Quiz noch nicht gespielt